|
|
|
|
| LEADER |
00000nam0a2200000 4500 |
| 001 |
27810 |
| 005 |
20231030202337.0 |
| 010 |
|
|
|a 5901095030
|
| 035 |
|
|
|a (RuTPU)RU\TPU\book\28063
|
| 090 |
|
|
|a 27810
|
| 100 |
|
|
|a 20011209d2000 km y0rusy50 ca
|
| 101 |
1 |
|
|a rus
|c eng
|
| 102 |
|
|
|a RU
|
| 105 |
|
|
|a a j 001zy
|
| 200 |
1 |
|
|a Фракталы и хаос в динамических системах. Основы теории
|e учебное пособие для вузов; пер. с англ.
|f Р. М. Кроновер
|
| 210 |
|
|
|a Москва
|c Постмаркет
|d 2000
|
| 215 |
|
|
|a 350 с.
|c ил.
|
| 320 |
|
|
|a Библиогр.: с. 341-347.
|
| 320 |
|
|
|a Предм. указ.: с. 348-350.
|
| 610 |
1 |
|
|a математика
|
| 610 |
1 |
|
|a фракталы
|
| 610 |
1 |
|
|a классические фракталы
|
| 610 |
1 |
|
|a случайные фракталы
|
| 610 |
1 |
|
|a хаос
|
| 610 |
1 |
|
|a динамические системы
|
| 610 |
1 |
|
|a множества
|
| 610 |
1 |
|
|a отображения
|
| 610 |
1 |
|
|a итерированные функции
|
| 610 |
1 |
|
|a размерность
|
| 610 |
1 |
|
|a хаотическая динамика
|
| 610 |
1 |
|
|a комплексная динамика
|
| 610 |
1 |
|
|a фракталы Пуанкаре
|
| 610 |
1 |
|
|a ренормализация
|
| 610 |
1 |
|
|a учебные пособия
|
| 675 |
|
|
|a 514.8(075.8)
|v 3
|
| 675 |
|
|
|a 531.3(075.8)
|v 3
|
| 700 |
|
1 |
|a Кроновер
|b Р. М.
|g Ричард М.
|
| 801 |
|
0 |
|a RU
|b 63413507
|c 20011209
|g PSBO
|
| 801 |
|
2 |
|a RU
|b 63413507
|c 20180614
|g PSBO
|
| 942 |
|
|
|c BK
|